Focus: lifestyle and tourism property (Record no. 75770)

MARC details
000 -LEADER
fixed length control field 01052cab a2200193 4500
001 - CONTROL NUMBER
control field L130682
008 - FIXED-LENGTH DATA ELEMENTS--GENERAL INFORMATION
fixed length control field 050824n2005 000 0 eng u
035 ## - SYSTEM CONTROL NUMBER
System control number (Sirsi) u130682
041 ## - LANGUAGE CODE
Language code of text/sound track or separate title eng
245 ## - TITLE STATEMENT
Title Focus: lifestyle and tourism property
260 ## - PUBLICATION, DISTRIBUTION, ETC.
Date of publication, distribution, etc. 2005
490 ## - SERIES STATEMENT
Series statement Estates Gazette
Volume/sequential designation (0533) 20 August 2005, 47-53(6)
520 ## - SUMMARY, ETC.
Summary, etc. Covers buying a second home for investment and purchasing a leisure business abroad. In "Sun, sea...and a good little earner" Graham Norwood looks at the current favourite locations for buying a holiday home abroad such as Spain and the Alps, long-haul options in the Bahamas and Kenya and the emerging markets of China and Russia. David Quinn in "A working holiday?" suggests some commonsense rules that private investors in leisure property overseas should follow to make their ventures successful. Points to the advantages of buying leisure properties in the UK.
590 ## - LOCAL NOTE (RLIN)
Local note IKA300805
690 ## - LOCAL SUBJECT ADDED ENTRY--TOPICAL TERM (OCLC, RLIN)
Topical term or geographic name as entry element PROPERTY-INVESTMENT PROPERTY
700 ## - ADDED ENTRY--PERSONAL NAME
Personal name Norwood, Graham
700 ## - ADDED ENTRY--PERSONAL NAME
Personal name Quinn, David
942 ## - ADDED ENTRY ELEMENTS (KOHA)
Suppress in OPAC 0
Holdings
Withdrawn status Lost status Source of classification or shelving scheme Damaged status Not for loan Home library Current library Shelving location Date acquired Total Checkouts Full call number Barcode Date last seen Copy number Price effective from Koha item type
    Dewey Decimal Classification     London London Journal article 24/08/2005   L130682 130682-1001 06/08/2019 1 06/08/2019 Journal article